Efektívne využívať kvalifikáciu Zásady pri rozmiestňovaní absolventov vysokých škôl

Bibliographic Details
Main Author: (zm) (Author)
Format: Article
Language:Slovak
Subjects:

MARC

LEADER 00000nab a2200000 a 4500
001 vtls000140729
003 SK-MaSNL
005 20260305023953.0
008 111104c1983 xo 0 slo
015 |a SNBRB19rr/mm-uuuuu 
035 |a CL0150835 
040 |a SNKBUCL  |b slo  |c SNKBUCL  |e AACR2 
041 0 |a slo 
044 |a xo  |c SK 
080 |a 378  |2 1981 
100 1 |a (zm)  |4 aut  |9 439189 
245 1 0 |a Efektívne využívať kvalifikáciu  |b Zásady pri rozmiestňovaní absolventov vysokých škôl  |c (zm) 
650 0 7 |a vysoké školy  |2 snkbucl  |9 1277 
655 7 |a články z novín a časopisov  |2 snkbucl  |9 267496 
773 0 |t Práca  |g Roč. 38, č. 11 (14. 1. 1983), s. 2 
850 |a Slovenská národná knižnica v Martine  |a MTA001 
852 |a SNK  |b KIS3GCP 
958 |a RK 
992 |a RBX 
999 |c 3300126  |d 3302056